| 000 | 01178cab a2200337 4500 | ||
|---|---|---|---|
| 001 | ABS57625 | ||
| 008 | 090401t1997 xxu||||| |||| 00| 0 eng d | ||
| 035 | _a(Sirsi) u81083 | ||
| 041 | _aeng | ||
| 100 | _aPawlowski, M. | ||
| 245 | _aCommon law termination of business tenancies | ||
| 260 | _c1997 | ||
| 350 | _a0 | ||
| 490 |
_aRent Review & Lease Renewal _v17(3) September 1997, 205-215(6) |
||
| 520 | _aExamines the relationship between common law termination of business tenancies and the statutory framework under the Landlord and tenant Act 1954 Part II. Case law. | ||
| 650 | _aBOUSTANY V PIGOTT | ||
| 650 | _aBREAK CLAUSES | ||
| 650 | _aBUSINESS TENANCIES | ||
| 650 | _aESSELTE AB V PEARL ASSURNACE PLC | ||
| 650 | _aHUSSEIN V MEHLMAN | ||
| 650 | _aLANDLORD AND TENANT ACT 1954 PART II | ||
| 650 | _aLEASES | ||
| 650 | _aMEADOWS V CLERICAL MEDICAL AND GENERAL LIFE ASSURANCE SOCIETY | ||
| 650 | _aNOTICE TO QUIT | ||
| 650 | _aREPUDIATORY BREACH | ||
| 650 | _aTERMINATION OF TENANCIES | ||
| 650 | _aW.G CLARK (PROPERTIES) LTD V DUPRE PROPERTIES LTD | ||
| 690 | _aLANDLORD AND TENANT-BUSINESS TENANCIES | ||
| 942 | _n0 | ||
| 948 | _c25/09/1997 | ||
| 999 |
_c51087 _d51087 |
||